[Event "Martorell op-A"]
[Site "Martorell"]
[Date "1997.??.??"]
[Round "3"]
[White "Castany Casanova, Jaume"]
[Black "Almeria Vivo, Marc"]
[Result "1-0"]
[WhiteElo "2130"]
[BlackElo "2005"]
[PlyCount "51"]
[EventDate "1997.09.??"]
[EventType "swiss"]
[EventRounds "9"]
[EventCountry "ESP"]
[SourceTitle "EXT 2003"]
[Source "ChessBase"]
[SourceDate "2002.11.25"]
[SourceVersion "1"]
[SourceVersionDate "2002.11.25"]
[SourceQuality "1"]

1. c4 Nf6 2. Nc3 g6 3. e4 d6 4. d4 Bg7 5. f3 0-0 6. Bg5 a6 7. Qd2 c5 8. d5 Re8 9. Nge2 Nbd7 10. g4 Ne5 11. Ng1 e6 12. Be2 Qc7 13. 0-0-0 Rb8 14. Bxf6 Bxf6 15. f4 Nd7 16. dxe6 Rxe6 17. Nd5 Qd8 18. Nxf6+ Qxf6 19. Bd3 b5 20. g5 Qe7 21. f5 Rxe4 22. f6 Qe6 23. Bxe4 Qxe4 24. Re1 Qxh1 25. Re8+ Nf8 26. Rxf8+ 1-0

[Event "Martorell op-A"]
[Site "Martorell"]
[Date "1997.??.??"]
[Round "1"]
[White "Castany Casanova, Jaume"]
[Black "Verdes Nadal, Ramon"]
[Result "0-1"]
[WhiteElo "2130"]
[BlackElo "2015"]
[PlyCount "72"]
[EventDate "1997.09.??"]
[EventType "swiss"]
[EventRounds "9"]
[EventCountry "ESP"]
[SourceTitle "EXT 2003"]
[Source "ChessBase"]
[SourceDate "2002.11.25"]
[SourceVersion "1"]
[SourceVersionDate "2002.11.25"]
[SourceQuality "1"]

1. c4 c5 2. Nc3 Nc6 3. Nf3 Nf6 4. d4 cxd4 5. Nxd4 g6 6. e3 Bg7 7. Be2 0-0 8. 0-0 a6 9. b3 d5 10. Ba3 Qa5 11. Qc1 dxc4 12. Nxc6 bxc6 13. b4 Qe5 14. e4 Nxe4 15. Nxe4 Qxe4 16. Bf3 Qe6 17. Re1 Qd7 18. Rb1 c3 19. Qe3 Ra7 20. Rbd1 Qc7 21. Qc5 Bf5 22. Bxc6 Rc8 23. Bc1 c2 24. Rd5 e6 25. Rxf5 gxf5 26. Qe3 Qe7 27. Ba4 Rac7 28. Bb3 Qxb4 29. h3 Qc3 30. Qe2 Rc5 31. f4 Qg3 32. Kh1 Bh6 33. Bxe6 Bxf4 34. Bxf7+ Kg7 35. Bb2+ Be5 36. Bxe5+ Rxe5 0-1

[Event "Martorell op-A"]
[Site "Martorell"]
[Date "1997.??.??"]
[Round "6"]
[White "Espasa Gonzalez, Jaume"]
[Black "Castany Casanova, Jaume"]
[Result "1/2-1/2"]
[WhiteElo "2000"]
[BlackElo "2130"]
[PlyCount "111"]
[EventDate "1997.09.??"]
[EventType "swiss"]
[EventRounds "9"]
[EventCountry "ESP"]
[SourceTitle "EXT 2003"]
[Source "ChessBase"]
[SourceDate "2002.11.25"]
[SourceVersion "1"]
[SourceVersionDate "2002.11.25"]
[SourceQuality "1"]

1. c4 f5 2. Nc3 Nf6 3. d4 g6 4. g3 Bg7 5. Bg2 0-0 6. e3 d6 7. Nge2 e5 8. 0-0 Nc6 9. Re1 Bd7 10. b3 g5 11. Ba3 e4 12. f4 exf3 13. Bxf3 Ng4 14. Bxg4 fxg4 15. Rf1 Qe7 16. Qd3 Rf3 17. Nd5 Qf7 18. Qd2 Rf8 19. Qe1 Bf5 20. Rd1 Be4 21. Nec3 Bc2 22. Rxf3 Qxf3 23. Rd2 Be4 24. Nxe4 Qxe4 25. Nc3 Qf3 26. Nd1 Re8 27. Rf2 Qe4 28. Qd2 h5 29. Bc1 h4 30. Nc3 Qg6 31. Nd5 hxg3 32. hxg3 Ne7 33. Nxc7 Rc8 34. Nb5 a6 35. Nc3 Re8 36. Qc2 Qxc2 37. Rxc2 Nf5 38. Kf2 Rf8 39. Kg2 Re8 40. Nd5 Kf7 41. Rf2 Kg6 42. a4 Rh8 43. e4 Nxd4 44. Ne7+ Kh6 45. Nf5+ Nxf5 46. Rxf5 b5 47. Rxg5 Kh7 48. Rxg4 Rc8 49. Bf4 bxc4 50. bxc4 Rxc4 51. Bxd6 Rxa4 52. Rh4+ Kg6 53. e5 Ra1 54. Re4 Kf5 55. Re2 Ke6 56. Kf3 1/2-1/2